| 000 | 00000nam 2200000zi 4500 |
| 001 | 9.946614 |
| 003 | CaOODSP |
| 005 | 20250303103444 |
| 006 | m o d f |
| 007 | cr |n||||||||| |
| 008 | 250108s1952 oncab o f000 0 eng d |
| 040 | |aCaOODSP|beng|erda|cCaOODSP |
| 043 | |an-cn-bc |
| 086 | 1 |aA52-200/1952E-PDF |
| 100 | 1 |aBurns, W. T., |eauthor. |
| 245 | 10|aDominion Experimental Substation, Smithers, British Columbia : |bprogress report, 1938-1950 / |cW. T. Burns. |
| 264 | 1|aOttawa, Canada : |bMinister of Agriculture, |c[1952] |
| 300 | |a1 online resource (44 pages) : |billustrations, map |
| 336 | |atext|btxt|2rdacontent |
| 337 | |acomputer|bc|2rdamedia |
| 338 | |aonline resource|bcr|2rdacarrier |
| 500 | |aDigitized edition from print [provided by Agriculture and Agri-Food Canada]. |
| 610 | 25|aDominion Experimental Substation (Smithers, B.C.) |
| 610 | 25|aDominion Experimental Substation (Smithers, C.-B.) |
| 650 | 0|aAgricultural experiment stations|zBritish Columbia|zSmithers. |
| 650 | 6|aStations agronomiques|zColombie-Britannique|zSmithers. |
| 710 | 2 |aDominion Experimental Substation (Smithers, B.C.), |eissuing body. |
| 710 | 1 |aCanada. |bExperimental Farms Service, |eissuing body. |
| 856 | 40|qPDF|s12.0 MB|uhttps://publications.gc.ca/collections/collection_2025/aac-aafc/A52-200-1952-eng.pdf |
| 986 | |a5M—15723—2:52 |